|
|
|
|
| LEADER |
00000nab a2200000 a 4500 |
| 001 |
vtls000270355 |
| 003 |
SK-MaSNL |
| 005 |
20260304012825.0 |
| 008 |
111130c1987 xo 0 slo |
| 015 |
|
|
|a SNBRB19rr/mm-uuuuu
|
| 035 |
|
|
|a CL0280469
|
| 040 |
|
|
|a SNKBUCL
|b slo
|c SNKBUCL
|e AACR2
|
| 041 |
0 |
|
|a slo
|
| 044 |
|
|
|a xo
|c SK
|
| 080 |
|
|
|a 78.071.2:784.66
|2 1981
|
| 080 |
|
|
|a 784.66
|2 1981
|
| 245 |
0 |
0 |
|a Rockový pútnik ; Štefan Hegedűs, Gabo Dušík, Ján Lapoš, Juraj Farkaš, Ján Szabó, Štefan Berdis
|
| 300 |
|
|
|b Obr. 1.
|
| 650 |
0 |
7 |
|a Gravis (skupina rocková slovenská)
|2 snkbucl
|9 1292998
|
| 655 |
|
7 |
|a články z novín a časopisov
|2 snkbucl
|9 267496
|
| 700 |
1 |
|
|a Hegedüs, Štefan
|4 aut
|9 9631
|
| 700 |
1 |
|
|a Dušík, Gabriel,
|d 1961-
|4 aut
|9 41776
|
| 700 |
1 |
|
|a Lapoš, Ján
|4 aut
|9 932897
|
| 700 |
1 |
|
|a Szabó, Ján
|4 aut
|9 275322
|
| 700 |
1 |
|
|a Berdis, Štefan
|4 aut
|9 1292999
|
| 700 |
1 |
|
|a Farkaš, Juraj,
|d 1955-
|4 aut
|9 246061
|
| 773 |
0 |
|
|t Rytmus
|g Roč. 38, č. 2 (1987), s. 29
|
| 850 |
|
|
|a Slovenská národná knižnica v Martine
|a MTA001
|
| 852 |
|
|
|a SNK
|b KIS3GCP
|
| 958 |
|
|
|a RK
|
| 992 |
|
|
|a RBX
|
| 999 |
|
|
|c 2573349
|d 2575279
|